Departamentos de Córdoba (Argentina) - Estadísticas

Estadísticas generales
  • Esta prueba ha sido intentada 288 veces
  • La puntuación promedio es 16 de 26
Estadísticas de respuestas
Cabecera Departamento % Correcto
Córdoba Capital
94%
Río Cuarto Río Cuarto
89%
Marcos Juarez Marcos Juarez
78%
Villa del Rosario Rio Segundo
78%
San Agustin Calamuchita
76%
Santa Rosa Río Primero
76%
Cruz del Eje Cruz del Eje
74%
Cosquin Punilla
69%
Alta Gracia Santa María
69%
Jesús María Colón
64%
Oliva Tercero Arriba
63%
Villa Tulumba Tulumba
62%
Villa Huidobro General Roca
60%
San Carlos Minas
59%
Dean Funes Ischilin
58%
La Carlota Juarez Celman
57%
Villa de María Rio Seco
56%
Villa María General San Martín
55%
Salsacate Pocho
55%
Villa Dolores San Javier
55%
Villa del Totoral Totoral
55%
San Francisco San Justo
54%
Villa Cura Brochero San Alberto
49%
Bell Ville Unión
49%
Laboulaye Presidente Roque Saenz Peña
43%
San Francisco del Chañar Sobremonte
43%
No se encontraron pruebas coincidentes
Distribución de puntuación
Porcentaje de gente con cada puntuación
Porcentaje por número respondido
Historial de tus puntuaciones
No has intentado esta prueba.